000 00575nam a2200229Ia 4500
005 20250108124940.0
008 008 250107s9999 xx 000 0 eng d
020 _a978-93-80303-23-9
037 _aTB
040 _aCRL
_beng
_cCRL
041 _aeng
_2eng
084 _aV2y7N31 152R4
084 _qCRL
100 _aSiddiqui Ali Au.
_9730135
245 0 _aRajiv: the man of action
_cSiddiqui Ali Au.
260 _c2789
300 _a128p.
365 _aINR
_b300
650 _aHISTORY
942 _cTB
_hV2y7N31 152R4
999 _c1235177
_d1235177